000 00348 a2200169 4500
001 191979
020 _a978-85-08-16475-2
040 _cMagnum
100 _aMachado, Ana Maria
240 1 0 _aQuem me dera
_lpor
245 1 0 _aQuem me dera
300 _a32
362 0 _a2013
440 1 _aÁtica
697 _aLITERATURA INFANTO
942 _cBK
999 _c191979
_d191979